| 000 | 01550nam a22001817a 4500 | ||
|---|---|---|---|
| 999 |
_c62356 _d62356 |
||
| 003 | Ge_BSU | ||
| 005 | 20241009095745.0 | ||
| 008 | 241009s1984 ge ||||| |||| 00| 0 geo d | ||
| 041 | _ageo | ||
| 080 | _a930.2:003.074(=353.1) ქ-27 | ||
| 245 |
_aქართული ისტორიული საბუთები IX-XIII სს. / _c შეადგინეს და გამოსაცემად მოამზადეს თ. ენუქიძემ, ვ. სილოგავამ, ნ. შოშიაშვილმა ; ივ. ჯავახიშვილის სახ. ისტორიის, არქეოლოგიისა და ეთნოგრაფიის ინ-ტი, კ. კეკელიძის სახ. ხელნაწერთა ინ-ტი ; [წინასიტყვ. ავტ. ნ. შოშიაშვილი]. |
||
| 264 |
_aთბილისი : _bმეცნიერება, _c1984. |
||
| 700 |
_aენუქიძე, თ., _eშემდგენელი _93804 |
||
| 700 |
_aსილოგავა, ვ. _eშემდგენელი _923366 |
||
| 700 |
_aშოშიაშვილი, ნ. _eშემდგენელი _918614 |
||
| 710 |
_aივ. ჯავახიშვილის სახ. ისტორიის, არქეოლოგიისა და ეთნოგრაფიის ინ-ტი, _bკ. კეკელიძის სახ. ხელნაწერთა ინ-ტი _923367 |
||
| 942 |
_2udc _cᲬᲘᲒᲜᲘ |
||